000 00700nam a2200253Ia 4500
003 OSt
005 20220926010405.0
006 a|||||r|||| 00| 0
007 ta
008 220923b |||||||| |||| 00| 0 eng d
037 _cGeneral Book
040 _aRTL
_cRTL
_beng
041 _2eng
_aeng
082 _aL:573, K8
100 _aLowenberg Miriam E
_9312261
245 0 _aFood and nan
260 _a New Delhi
_bWiley Eastern
_c1968
300 _aix, 341
_ccm.
490 _aWiley Eastern University
500 _aBibliography at the end of each chapter.
650 _aMedicine
_94387
942 _hL:573, K8
_cGB
_2CC
999 _c617168
_d617168